000356776 001__ 356776
000356776 005__ 20250113222818.0
000356776 037__ $$aGSI-2025-00159
000356776 041__ $$aEnglish
000356776 1001_ $$0P:(DE-Ds200)OR2859$$aRitman, James$$b0$$eCorresponding author
000356776 1112_ $$a43rd CBM Collaboration meeting$$cDarmstadt$$d2024-03-04 - 2024-03-08$$gCBM 43$$wGermany
000356776 245__ $$aPhysics Perspectives with the SIS100 Proton Beam at CBM (summary of Wuppertal workshop)$$f2024-03-04 - 
000356776 260__ $$c2024
000356776 3367_ $$033$$2EndNote$$aConference Paper
000356776 3367_ $$2DataCite$$aOther
000356776 3367_ $$2BibTeX$$aINPROCEEDINGS
000356776 3367_ $$2ORCID$$aLECTURE_SPEECH
000356776 3367_ $$0PUB:(DE-HGF)31$$2PUB:(DE-HGF)$$aTalk (non-conference)$$btalk$$mtalk$$s1736764497_699391$$xPlenary/Keynote
000356776 3367_ $$2DINI$$aOther
000356776 536__ $$0G:(DE-HGF)POF4-612$$a612 - Cosmic Matter in the Laboratory (POF4-612)$$cPOF4-612$$fPOF IV$$x0
000356776 909CO $$ooai:repository.gsi.de:356776$$pVDB
000356776 9101_ $$0I:(DE-Ds200)20121206GSI$$6P:(DE-Ds200)OR2859$$aGSI Helmholtzzentrum für Schwerionenforschung GmbH$$b0$$kGSI
000356776 9131_ $$0G:(DE-HGF)POF4-612$$1G:(DE-HGF)POF4-610$$2G:(DE-HGF)POF4-600$$3G:(DE-HGF)POF4$$4G:(DE-HGF)POF$$aDE-HGF$$bForschungsbereich Materie$$lMatter and the Universe$$vCosmic Matter in the Laboratory$$x0
000356776 9141_ $$y2024
000356776 920__ $$lyes
000356776 9201_ $$0I:(DE-Ds200)FFN-20210302OR452$$kFFN$$lFAIR Forschung NRW$$x0
000356776 980__ $$atalk
000356776 980__ $$aVDB
000356776 980__ $$aI:(DE-Ds200)FFN-20210302OR452
000356776 980__ $$aUNRESTRICTED